Bundesliga-Rekordtorjäger - Sudden Death - Statistiken

Allgemein
  • Dieses Quiz wurde 261 mal gespielt
  • Das Durchschnittsergebnis liegt bei 4 aus 16
Answers on the Grid
Answers color-coded by a green-red scale on the quiz's grid according to % correct below.
Mario Gomez
Klaus Fischer
Timo Werner
Lothar Matthäus
Jürgen Klinsmann
Miroslav Klose
Robert Lewandowski
Luca Toni
Jupp Heynckes
Stefan Kießling
Andrej Kramaric
Bernd Nickel
Ailton
Kevin Volland
Claudio Pizarro
Bernd Hölzenbein
Lothar Emmerich
Vedad Ibisevic
Frank Mill
Gerd Müller
Dieter Müller
Thomas Müller
Kevin Kuranyi
Klaas-Jan Huntelaar
Rudi Völler
Michael Zorc
Fredi Bobic
Klaus Toppmöller
Stephane Chapuisat
Giovane Elber
 
Antwortstatistiken
Antwort % Korrekt
Robert Lewandowski
59%
Mario Gomez
55%
Gerd Müller
47%
Klaus Fischer
44%
Thomas Müller
37%
Claudio Pizarro
35%
Jupp Heynckes
29%
Giovane Elber
20%
Stefan Kießling
20%
Rudi Völler
13%
Dieter Müller
12%
Andrej Kramaric
10%
Vedad Ibisevic
9%
Bernd Hölzenbein
8%
Michael Zorc
7%
Bernd Nickel
2%
Keine übereinstimmenden Quizze gefunden
Verteilung der Resultate
Anzahl Personen mit jedem Resultat
Perzentil nach korrekt beantworteten Fragen
Ihre Resultats-Entwicklung
Sie haben dieses Quiz noch nicht gespielt